000
00325nam a22001337a 4500
008
250703b |||||||| |||| 00| 0 eng d
020
_a
085315659X
050
_a
HD6079
_b
.B67
100
_a
WISHART Lawrence
245
_a
Woman Workers and the Trade Unions
260
_a
London
_b
Lawrence
_c
Nil
300
_a
371p.
942
_c
BK
999
_c
4072
_d
4072